000 00776nam a2200241Ia 4500
008 191130s2007##################000#0#eng##
020 _a9781405132152
022 _a2006037361
040 _aACL
_cACL
082 _a330.9 COE
100 _aCoe, Neil M
245 _aEconomic geography : a contemporary introduction
_cNeil M. Coe, Philip F. Kelly, and Henry W.C. Yeung
260 _aOxford ; Malden, MA
_bBlackwell Publishing
_c2007
300 _axxvi, 426 p. : ill., maps ; 26 cm
500 _aIncludes bibliographical references and index
650 _aEconomic development
650 _aEconomic geography
700 _aKelly, Philip F
700 _aYeung, Henry Wai-Chung
990 _a25efd1b7ac10000c693b05a25a1a5b31
991 _a47801
999 _c156205
_d156205